000 00380nam a2200157Ia 4500
008 230524s9999 xx 000 0 und d
082 _a574.191
_bCHA
100 _aG.R.Chatwal - edited by Madhu Arora
245 0 _aBiophysics
250 _a1ST
260 _aMUMBAI
_bHimalayan
_c2005
300 _aV;424
500 _aQuantity Number: 3
650 _aBiomedical
942 _cBK
999 _c35017
_d35017